Ville d'Ille-et-Vilaine en image - Statistiques

Statistiques générales
  • Ce quiz a été pris 107 fois
  • Le résultat moyen est 10 sur 18
Statistiques - réponses
Par images Hint Réponse % Correct
R Rennes
100%
St Saint-Malo
100%
D Dinard
97%
F Fougères
92%
R Redon
84%
V Vitré
82%
C Cancale
77%
J Janzé
55%
B Bruz
45%
C Combourg
43%
D Dol-de-Bretagne
42%
B Betton
36%
L Liffré
35%
B Bain-de-Bretagne
31%
C Cesson-Sévigné
28%
(L)G La Guerche-de-Bretagne
27%
P Paimpont
23%
St Saint-Suliac
20%
Aucun quiz correspondant
Distribution des résultats
% des personnes avec chaque résultat
Percentile par nombre de réponses
Votre historique - résultats
Vous n’avez pas pris ce quiz